000 00719cam a2200253 4500500
005 20260329002952.0
041 _afre
042 _adc
100 1 0 _aWebb, Samuel
_eauthor
245 0 0 _aMichael Haneke : “Le mal accapare celui qui le commet”
260 _c2014.
500 _a52
690 _aCinéma
690 _aCommunication
690 _aFestival de Cannes
690 _aImage
690 _aMal
690 _aMichael Haneke
690 _aMorale
690 _aPasolini
690 _aViolence
786 0 _nPhilosophie magazine | 79 | 5 | 2014-05-01 | p. 15-17 | 1951-1787
856 4 1 _uhttps://shs.cairn.info/magazine-philosophie-magazine-2014-5-page-15?lang=fr&redirect-ssocas=7080
999 _c1820129
_d1820129